Skip to content
VuFind
All Fields
Title
Author
Subject
Call Number
ISBN/ISSN
Tag
Find
Advanced
Short stories 65
Cite this
Print
Export Record
Export to RefWorks
Export to EndNoteWeb
Export to EndNote
Export to MARC
Short stories 65
Bibliographic Details
Format:
Book
Holdings
Description
Similar Items
Staff View
MARC
LEADER
00000cam a2200000 7i4500
001
0000009257
002
000010085
005
20000330.0
020
|a
9813051171X
090
0
0
|a
JF
|b
BOO
245
1
0
|a
Short stories 65
999
|a
050844
|b
BUKU
|c
PINJAMAN
|e
PERPUSTAKAAN KOMUNITI PETALING JAYA
Similar Items
Short stories 65
Published: (1994)
The 65-story treehouse
by: Griffiths, Andy
Published: (2015)
The 65-storey treehouse
by: Griffiths, Andy
Published: (2015)
65 great tales of horror
Published: (1982)
65 setiausaha Nabi SAW
by: Muhammad Mustafa Azami